Sử dụng trí nhớ của bạn bí quyết nâng cao trí nhớ và năng lực tư duy của bản
Cung cấp những bí quyết giúp bạn rèn luyện nâng cao trí nhớ và năng lực tư duy của mình.
محفوظ في:
| المؤلف الرئيسي: | |
|---|---|
| مؤلفون آخرون: | |
| التنسيق: | كتاب |
| اللغة: | Vietnamese |
| منشور في: |
Tp. Hồ Chí Minh
Tổng hợp Tp. Hồ Chí Minh
2008
|
| الموضوعات: | |
| الوسوم: |
إضافة وسم
لا توجد وسوم, كن أول من يضع وسما على هذه التسجيلة!
|
| Thư viện lưu trữ: | Trung tâm Học liệu Lê Vũ Hùng, Trường Đại học Đồng Tháp |
|---|
| LEADER | 01059aam a22002658a 4500 | ||
|---|---|---|---|
| 001 | 00028773 | ||
| 005 | 20171026081025.0 | ||
| 008 | 120403s2008 ||||||viesd | ||
| 020 | |c 64000 | ||
| 041 | 0 | # | |a vie |
| 082 | 1 | 4 | |a 153.1 |b S550D |
| 100 | 1 | # | |a Buzan, Tony |
| 245 | 1 | 0 | |b bí quyết nâng cao trí nhớ và năng lực tư duy của bản |a Sử dụng trí nhớ của bạn |c Tony Buzan; Lê Huy Lâm dịch |
| 246 | 0 | 1 | |a Use your memory |
| 260 | # | # | |a Tp. Hồ Chí Minh |b Tổng hợp Tp. Hồ Chí Minh |c 2008 |
| 300 | # | # | |a 239tr. |b minh họa (1 phần màu) |c 22cm. |
| 520 | # | # | |a Cung cấp những bí quyết giúp bạn rèn luyện nâng cao trí nhớ và năng lực tư duy của mình. |
| 650 | # | 4 | |a Tư duy |
| 653 | # | # | |a Rèn luyện trí nhớ |
| 653 | # | # | |a Trí nhớ |
| 700 | 1 | # | |a Lê, Huy Lâm |
| 852 | # | # | |b Kho đọc |j KD.0013124 |
| 852 | # | # | |j KD.0013124 |
| 910 | |d 03/04/2012 | ||
| 980 | # | # | |a Trung tâm Học liệu Lê Vũ Hùng, Trường Đại học Đồng Tháp |